50 Cidades Mais Populosas do Interior de São Paulo - Statistics

Estatísticas Gerais
  • Esse quiz foi jogado 531 vezes
  • A pontuação média é 30 de 50
Estatísticas das Respostas
População Iniciais Cidade % Correto
1.213.792 C Campinas
96%
711.825 RP Ribeirão Preto
95%
464.983 SJRP São José do Rio Preto
93%
729.737 SJC São José dos Campos
93%
687.357 S Sorocaba
87%
433.656 S Santos
83%
379.297 B Bauru
82%
368.355 SV São Vicente
80%
423.006 J Jundiaí
79%
407.252 P Piracicaba
78%
254.484 SC São Carlos
76%
355.901 F Franca
74%
230.371 PP Presidente Prudente
74%
308.482 L Limeira
72%
208.008 RC Rio Claro
71%
317.915 T Taubaté
71%
240.590 M Marília
69%
330.845 PG Praia Grande
69%
242.018 A Americana
68%
175.568 I Itu
68%
238.339 A Araraquara
65%
322.750 G Guarujá
65%
234.259 H Hortolândia
64%
256.223 I Indaiatuba
64%
194.390 SBO Santa Bárbara d'Oeste
62%
198.129 A Araçatuba
59%
170.533 BP Bragança Paulista
59%
131.210 V Valinhos
59%
151.881 J Jaú
58%
148.130 B Botucatu
53%
122.833 B Barretos
52%
114.352 O Ourinhos
52%
286.211 S Sumaré
52%
153.033 MG Mogi Guaçu
51%
135.506 A Araras
45%
170.132 P Pindamonhangaba
45%
235.416 J Jacareí
44%
122.505 G Guaratinguetá
43%
123.599 V Votorantim
41%
123.389 C Caraguatatuba
40%
144.088 A Atibaia
39%
122.967 T Tatuí
38%
165.526 I Itapetininga
36%
124.883 B Birigui
35%
119.736 S Salto
35%
131.626 C Cubatão
33%
122.497 C Catanduva
32%
127.142 S Sertãozinho
31%
123.071 VP Várzea Paulista
31%
122.581 I Itatiba
26%
Nenhum quiz correspondente encontrado
Distribuição das Pontuações
Porcentagem de Pessoas com Cada Pontuação
Percentil de Números Respondidos
Sua Pontuação Histórica
Você não jogou esse quiz